The Gospel according to Saint John / (Record no. 122007)
[ view plain ]
| 000 -LEADER | |
|---|---|
| fixed length control field | 01773cam a22003614a 4500 |
| 001 - CONTROL NUMBER | |
| control field | 14099002 |
| 003 - CONTROL NUMBER IDENTIFIER | |
| control field | ARRUPE |
| 005 - DATE AND TIME OF LATEST TRANSACTION | |
| control field | 20150606020008.0 |
| 008 - FIXED-LENGTH DATA ELEMENTS--GENERAL INFORMATION | |
| fixed length control field | 050907r20052005mau b 001 0 eng |
| 010 ## - LIBRARY OF CONGRESS CONTROL NUMBER | |
| LC control number | 2005025970 |
| 020 ## - INTERNATIONAL STANDARD BOOK NUMBER | |
| International Standard Book Number | 1565634012 (Hendrickson : alk. paper) |
| 020 ## - INTERNATIONAL STANDARD BOOK NUMBER | |
| International Standard Book Number | 082647943X (Continuum HB) |
| 020 ## - INTERNATIONAL STANDARD BOOK NUMBER | |
| International Standard Book Number | 0826471390 (Contimuum PB) |
| 035 ## - SYSTEM CONTROL NUMBER | |
| System control number | (OCoLC)ocm61478760 |
| 040 ## - CATALOGING SOURCE | |
| Original cataloging agency | DLC |
| Transcribing agency | DLC |
| Modifying agency | BAKER |
| -- | GHS |
| -- | C#P |
| -- | DLC |
| 042 ## - AUTHENTICATION CODE | |
| Authentication code | pcc |
| 050 00 - LIBRARY OF CONGRESS CALL NUMBER | |
| Classification number | BS2615.53 |
| Item number | .L56 2005 |
| 082 00 - DEWEY DECIMAL CLASSIFICATION NUMBER | |
| Classification number | 226.5/077 |
| Edition number | 22 |
| 300 ## - PHYSICAL DESCRIPTION | |
| Dimensions | 22 cm. |
| 100 1# - MAIN ENTRY--PERSONAL NAME | |
| Personal name | Lincoln, Andrew T. |
| 9 (RLIN) | 14996 |
| 240 10 - UNIFORM TITLE | |
| Uniform title | <a href="Commentary on the Gospel according to St. John">Commentary on the Gospel according to St. John</a> |
| 245 14 - TITLE STATEMENT | |
| Title | The Gospel according to Saint John / |
| Statement of responsibility, etc | Andrew T. Lincoln. |
| 250 ## - EDITION STATEMENT | |
| Edition statement | Hendrickson Publishers, Inc. ed. |
| 260 ## - PUBLICATION, DISTRIBUTION, ETC. (IMPRINT) | |
| Place of publication, distribution, etc | [Peabody, Mass.] : |
| Name of publisher, distributor, etc | Hendrickson Publishers ; |
| Place of publication, distribution, etc | London ; |
| -- | New York : |
| Name of publisher, distributor, etc | Continuum, |
| Date of publication, distribution, etc | 2005. |
| 300 ## - PHYSICAL DESCRIPTION | |
| Extent | ix, 584 p. ; |
| 440 #0 - SERIES STATEMENT/ADDED ENTRY--TITLE | |
| Title | Black's New Testament commentaries ; |
| Volume number/sequential designation | 4 |
| 9 (RLIN) | 14997 |
| 500 ## - GENERAL NOTE | |
| General note | Originally published: A commentary on the Gospel according to St. John. London : Continuum, 2005. |
| 504 ## - BIBLIOGRAPHY, ETC. NOTE | |
| Bibliography, etc | Includes bibliographical references (p. 537-547) and indexes. |
| 505 0# - FORMATTED CONTENTS NOTE | |
| Formatted contents note | The approach of the commentary -- Narrative outline, shape and plot -- Genre -- Date and authorship -- Relation to the Synoptic Gospels -- Historicity and truth -- Composition of the Gospel and relation to other Johannine literature -- The Gospel's perspective on christology and the relation to Judaism -- Setting and purposes -- Impact -- Translation and commentary. |
| 630 00 - SUBJECT ADDED ENTRY--UNIFORM TITLE | |
| Uniform title | Bible. |
| Name of part/section of a work | John |
| Form subdivision | Commentaries. |
| 9 (RLIN) | 11790 |
| 906 ## - LOCAL DATA ELEMENT F, LDF (RLIN) | |
| a | 7 |
| b | cbc |
| c | orignew |
| d | 1 |
| e | ecip |
| f | 20 |
| g | y-gencatlg |
| 942 ## - ADDED ENTRY ELEMENTS (KOHA) | |
| Source of classification or shelving scheme | Library of Congress Classification |
| Koha item type | Monograph ( Printed materials) |
| Koha issues (borrowed), all copies | 1 |
| Withdrawn status | Lost status | Source of classification or shelving scheme | Damaged status | Not for loan | Collection code | Home library | Current library | Shelving location | Date acquired | Total Checkouts | Full call number | Barcode | Date last seen | Date checked out | Price effective from | Koha item type |
|---|---|---|---|---|---|---|---|---|---|---|---|---|---|---|---|---|
| Library of Congress Classification | Main Collection | ARRUPE LIBRARY | ARRUPE LIBRARY | Main Collection | 10/02/2015 | 1 | BS2615.53 .L56 2005 | 46500001054 | 01/08/2016 | 05/06/2015 | 10/02/2015 | Monograph ( Printed materials) |